| 000 | 01635nam a2200265Ia 4500 | ||
|---|---|---|---|
| 003 | Ost | ||
| 005 | 20260507075033.0 | ||
| 008 | 260507s9999||||xx |||||||||||||| ||und|| | ||
| 020 | _a162119957 | ||
| 040 | _cfsecg | ||
| 041 | _aara | ||
| 082 | _a330 | ||
| 100 |
_aالقريشى، مدحت كاظم _eمؤلف |
||
| 245 | 0 |
_aالإقتصاد الصناعي / _c مدحت كاظم القريشى |
|
| 250 | _aطبعة مختصرة، طبعة 2 مزيدة ومنقحة | ||
| 260 |
_aعمان: _bدار وائل للنشر والتوزيع, _c2005 |
||
| 300 |
_a340 صفحة؛ _bإيضاحات ؛ _c24 سم |
||
| 504 | _aكشاف ص.325 ببليوغرافيا ص.329 | ||
| 520 | _aالصناعة نشئتها أهميتها ودورهافي التنمية الإقتصادية- الأشكال التنظيمية المختلفة للمنشأة والتوطن الصناعي- الإنتاج الصناعي وبنية القطاع الصناعي- رأس المال في الصناعة-القوى العاملة والأجور الإنتاجية في الصناعة- التكاليف الصناعية والحجم الامثل للمشروع- الصناعت الصغيرة مزاياها ومشكلاتها في التنمية- التسعير والإيرادات والأرباح في الصناعة - التمويل الصناعي- تقييم الأداء في المنشأت الصناعية- تقييم المشروعات الصناعية | ||
| 653 | _aالإقتصاد | ||
| 653 | _aالتنمية الإقتصادية | ||
| 653 | _aالصناعة | ||
| 653 | _aالصناعة- اقتصاديات | ||
| 942 | _cكتاب | ||
| 999 |
_c42421 _d42421 |
||